[Event "ICS rated blitz match"]
[Site "204.178.125.65"]
[Date "2000.02.03"]
[Round "?"]
[White "Hossa"]
[Black "PostModernist"]
[Result "1/2-1/2"]
[WhiteElo "2358"]
[BlackElo "2504"]
[PlyCount "132"]

1. e4 Nf6 2. e5 Nd5 3. d4 d6 4. Nf3 Nb6 5. Be2 g6 6. exd6 cxd6 7. O-O Bg7 8.
Bg5 O-O 9. c3 Re8 10. Re1 Bg4 11. Qb3 Be6 12. c4 N8d7 13. Nbd2 Rc8 14. Bd3 Qc7
15. Qa3 h6 16. Bf4 g5 17. Be3 d5 18. c5 Nc4 19. Nxc4 dxc4 20. Be4 Nf6 21. Bc2
Nd5 22. Rad1 Red8 23. Bc1 b6 24. h4 gxh4 25. Nxh4 bxc5 26. Qxc5 Qxc5 27. dxc5
Rxc5 28. Bf5 Rd6 29. Bxe6 Rxe6 30. Rxe6 fxe6 31. Nf3 c3 32. bxc3 Nxc3 33. Be3
Rd5 34. Rd2 Rxd2 35. Nxd2 a6 36. a3 h5 37. Nb3 Na4 38. Nd4 Kf7 39. Nc6 Bb2 40.
Nb4 Bxa3 41. Nxa6 Bd6 42. Kf1 Nc3 43. Bd4 Nd5 44. Bc5 e5 45. Ba7 e4 46. Bd4 e5
47. Ba7 h4 48. Kg1 Kg6 49. Kh2 Kg5 50. Kh3 Nf4+ 51. Kh2 Kf5 52. Nc5 Bxc5 53.
Bxc5 Kg4 54. Be3 h3 55. Bxf4 exf4 56. f3+ exf3 57. gxh3+ Kh4 58. Kg1 Kxh3 59.
Kf2 Kg4 60. Kf1 Kf5 61. Kf2 Ke4 62. Kf1 Kd4 63. Kf2 Ke4 64. Kf1 Ke3 65. Ke1 f2+
66. Kf1 Kf3 1/2-1/2

[Event "ICS rated standard match"]
[Site "204.178.125.65"]
[Date "2000.02.03"]
[Round "?"]
[White "JudgeTurpin"]
[Black "Hossa"]
[Result "1-0"]
[WhiteElo "2320"]
[BlackElo "2183"]
[PlyCount "147"]

1. e4 e5 2. Nf3 Nf6 3. Nc3 Bb4 4. Nxe5 d6 5. Nd3 Bxc3 6. dxc3 Nxe4 7. Be3 O-O
8. g3 Re8 9. Bg2 Nf6 10. O-O Bg4 11. Qd2 Nc6 12. Rae1 Qd7 13. Bg5 Nh5 14. Rxe8+
Rxe8 15. Re1 h6 16. Rxe8+ Qxe8 17. Be3 Nf6 18. a3 a6 19. Nb4 Bd7 20. Nd5 Nxd5
21. Qxd5 Qc8 22. h4 Be6 23. Qd2 Qd7 24. b3 b5 25. Bf4 Ne7 26. Bb7 a5 27. Bg2
Ng6 28. Be3 Ne5 29. Qd4 a4 30. bxa4 bxa4 31. Qa7 Bf5 32. Bd4 Kh7 33. Qa5 f6 34.
Qa8 Bxc2 35. Bd5 c6 36. Qg8+ Kg6 37. Be6 Bb3 38. c4 Qe7 39. f4 Bxc4 40. f5+ Kh5
41. Bxe5 fxe5 42. Bxc4 Kg4 43. Kg2 Qb7 44. Be2+ Kxf5 45. Bg4+ Ke4 46. Qc4+ Ke3
47. Qc3+ Ke4 48. Bf3+ Kf5 49. Qd3+ e4 50. Qxe4+ Kf6 51. Qd4+ Ke6 52. Bg4+ Kf7
53. Qxd6 c5+ 54. Bf3 Qb2+ 55. Kh3 Qf6 56. Qxf6+ Kxf6 57. Kg4 Ke5 58. Kh5 Kf6
59. Bc6 Kf7 60. Bxa4 c4 61. Bc2 g5 62. hxg5 hxg5 63. Kxg5 Ke7 64. Kf5 Kd6 65.
g4 Kd5 66. g5 Kd4 67. g6 Ke3 68. g7 c3 69. g8=Q Ke2 70. Qg2+ Ke3 71. Be4 Kd4
72. Qf2+ Kc4 73. Qb6 c2 74. Qb4# 1-0

[Event "ICS rated blitz match"]
[Site "204.178.125.65"]
[Date "2000.02.03"]
[Round "?"]
[White "Hossa"]
[Black "PostModernist"]
[Result "0-1"]
[WhiteElo "2364"]
[BlackElo "2504"]
[PlyCount "92"]

1. e4 Nf6 2. e5 Nd5 3. d4 e6 4. Nf3 d6 5. c4 Nb6 6. exd6 cxd6 7. Bd3 Be7 8. O-O
O-O 9. Qc2 f5 10. Qb3 Nc6 11. Nc3 Na5 12. Qb5 Nbxc4 13. Bxc4 a6 14. Qa4 Bd7 15.
Bxe6+ Bxe6 16. Re1 Bf7 17. Ng5 Be8 18. Qb4 Bc6 19. d5 Bxg5 20. Bxg5 Qxg5 21.
dxc6 Nxc6 22. Qxb7 Ne5 23. Re2 Kh8 24. Rd1 Rfb8 25. Qc7 f4 26. f3 Nxf3+ 27. Kh1
Ne5 28. Qxd6 Nc4 29. Qc6 Ne3 30. Rd7 Rc8 31. Qe4 Re8 32. Qf3 Qf6 33. Qb7 Rab8
34. Qc7 f3 35. Rf2 Ng4 36. Ne4 Nxf2+ 37. Kg1 Nxe4 38. Qxb8 Rxb8 39. gxf3 Qb6+
40. Kh1 Qf2 41. Rd1 Qxf3+ 42. Kg1 Qxd1+ 43. Kg2 Rxb2+ 44. Kh3 Nf2+ 45. Kg2 Nh1+
46. Kh3 Qh5# 0-1

[Event "ICS rated blitz match"]
[Site "204.178.125.65"]
[Date "2000.02.03"]
[Round "?"]
[White "KCtan"]
[Black "Hossa"]
[Result "1-0"]
[WhiteElo "2094"]
[BlackElo "2354"]
[PlyCount "127"]

1. d4 d6 2. Nf3 g6 3. c4 c5 4. dxc5 Qa5+ 5. Nfd2 Qxc5 6. Nc3 Bg7 7. e4 Bxc3 8.
bxc3 Nf6 9. Be2 O-O 10. O-O Qe5 11. Qc2 Nc6 12. f3 Nd4 13. cxd4 Qxd4+ 14. Kh1
Qxa1 15. Bb2 Qxa2 16. Ra1 Qxa1+ 17. Bxa1 Nd7 18. Nb1 Nc5 19. Nc3 Be6 20. g4 h5
21. g5 Rfc8 22. Qb2 f6 23. gxf6 exf6 24. Nd5 Rf8 25. Nxf6+ Kf7 26. Nd5 Ke8 27.
Nc7+ Kd7 28. Nxa8 Rxa8 29. Qg7+ Kc6 30. Qxg6 h4 31. Bd4 Rg8 32. Qh6 Bh3 33.
Bxc5 Bg2+ 34. Kg1 Bh3+ 35. Kf2 Rg2+ 36. Ke3 Kxc5 37. Bf1 Rxh2 38. Qxh4 Bxf1 39.
Qxh2 Bxc4 40. Qh5+ d5 41. Qe5 b5 42. Qe7+ Kc6 43. e5 a5 44. Qd6+ Kb7 45. e6 b4
46. e7 d4+ 47. Kxd4 Bb5 48. f4 Be8 49. Qd8 Ba4 50. e8=Q Bxe8 51. Qxe8 Kb6 52.
Kc4 Kb7 53. Qb5+ Kc8 54. Qxa5 b3 55. Kxb3 Kd7 56. Qb6 Ke7 57. f5 Kf7 58. Qg6+
Ke7 59. Qe6+ Kd8 60. Qf7 Kc8 61. Qe7 Kb8 62. f6 Kc8 63. f7 Kb8 64. f8=Q# 1-0

[Event "ICS rated blitz match"]
[Site "204.178.125.65"]
[Date "2000.02.03"]
[Round "?"]
[White "Hossa"]
[Black "KCtan"]
[Result "1-0"]
[WhiteElo "2346"]
[BlackElo "2110"]
[PlyCount "49"]

1. d4 Nf6 2. c4 g6 3. Nc3 Bg7 4. e4 O-O 5. f3 c5 6. dxc5 Qa5 7. Be3 Na6 8. a3
Qd8 9. Nge2 b6 10. cxb6 axb6 11. Na4 Nc5 12. Nxc5 bxc5 13. Bxc5 d6 14. Bd4 Bd7
15. Nc3 Be6 16. Bd3 Qb8 17. b3 Rc8 18. O-O Nd7 19. Bc2 Ne5 20. Ne2 Nc6 21. Bxg7
Kxg7 22. Qd2 f6 23. Rf2 Qb6 24. Bd1 Qxb3 25. Bxb3 1-0

[Event "ICS rated blitz match"]
[Site "204.178.125.65"]
[Date "2000.02.03"]
[Round "?"]
[White "KCtan"]
[Black "Hossa"]
[Result "1/2-1/2"]
[WhiteElo "2103"]
[BlackElo "2353"]
[PlyCount "66"]

1. d4 Nf6 2. Nf3 c5 3. e3 e6 4. Bd3 d5 5. c3 Be7 6. Ne5 O-O 7. Nd2 Qc7 8. f4
cxd4 9. exd4 b6 10. Qe2 Nbd7 11. O-O Bb7 12. Rf3 Rac8 13. Rh3 Kh8 14. g4 g6 15.
g5 Ne4 16. Nxe4 dxe4 17. Bxe4 Kg8 18. Bd2 Bxe4 19. Qxe4 Bd6 20. Rf1 Rcd8 21.
Be1 f5 22. gxf6 Nxf6 23. Qg2 Nd5 24. Bd2 Rf5 25. Rhf3 Rdf8 26. Qg3 Nf6 27. Qe1
b5 28. a3 a6 29. h3 Qe7 30. Ng4 Kh8 31. Nh6 Rh5 32. Ng4 Rf5 33. Nh6 Rh5 1/2-1/2

[Event "ICS rated blitz match"]
[Site "204.178.125.65"]
[Date "2000.02.03"]
[Round "?"]
[White "Hossa"]
[Black "RussianIvan"]
[Result "1-0"]
[WhiteElo "2343"]
[BlackElo "2028"]
[PlyCount "41"]

1. d4 Nf6 2. c4 c5 3. d5 e6 4. Nc3 exd5 5. cxd5 d6 6. e4 g6 7. f4 Nbd7 8. Nf3
Bg7 9. e5 dxe5 10. fxe5 Ng4 11. e6 fxe6 12. dxe6 Nde5 13. Bb5+ Nc6 14. Qxd8+
Kxd8 15. Bg5+ Bf6 16. Rd1+ Ke8 17. Nd5 Bxg5 18. Nxg5 Kf8 19. Bxc6 bxc6 20. e7+
Kg7 21. Nc7 1-0

[Event "ICS rated standard match"]
[Site "204.178.125.65"]
[Date "2000.02.03"]
[Round "?"]
[White "Hossa"]
[Black "beam"]
[Result "1-0"]
[WhiteElo "2173"]
[BlackElo "1969"]
[PlyCount "23"]

1. d4 e6 2. Bf4 Bc5 3. dxc5 c6 4. Bd6 e5 5. Bxe5 Na6 6. Bxg7 Nxc5 7. Bxh8 Ke7
8. Qd4 Rb8 9. Qe5+ Ne6 10. Qxb8 Qa5+ 11. Bc3 a6 12. Bxa5 1-0

[Event "ICS rated blitz match"]
[Site "204.178.125.65"]
[Date "2000.02.03"]
[Round "?"]
[White "Hossa"]
[Black "QueenMaxima"]
[Result "1-0"]
[WhiteElo "2347"]
[BlackElo "2376"]
[PlyCount "154"]

1. d4 f5 2. g3 d5 3. Bg2 e6 4. c4 c6 5. cxd5 exd5 6. Nf3 Nf6 7. O-O Be7 8. Ne5
O-O 9. Nc3 Be6 10. Qb3 Qb6 11. Qxb6 axb6 12. Bg5 Re8 13. Rac1 Ne4 14. Bxe7 Rxe7
15. a3 Nd2 16. Rfd1 Nb3 17. Rc2 Nd7 18. e3 Nxe5 19. dxe5 Kf7 20. f4 Rae8 21.
Bf3 Kg6 22. Kg2 Nc5 23. a4 Nb3 24. h4 Kf7 25. Re2 Ra8 26. Ree1 g6 27. Rd3 Kg7
28. Bd1 Nc5 29. Rd4 Bf7 30. Bc2 Be6 31. Rd2 Na6 32. Kf3 Nb4 33. Bb3 Rae8 34.
Rdd1 Na6 35. Bc2 Nb4 36. Re2 Kf7 37. Bb3 Ra8 38. Rd4 c5 39. Rdd2 c4 40. Bc2 Ra5
41. Rd4 Nc6 42. Rd1 Nb4 43. Kg2 Bd7 44. Rd4 Ke6 45. Bd1 Nc6 46. Rdd2 Nb4 47.
Kh3 Nd3 48. Rh2 Rg7 49. Be2 Nb4 50. Rd4 Bxa4 51. Bf3 Bc6 52. Rg2 Nd3 53. g4 Rd7
54. gxf5+ gxf5 55. Kh2 Ra1 56. Rd2 Rc1 57. Ne2 Ne1 58. Bh5 Rc2 59. Kg3 Rg7+ 60.
Kf2 Rxd2 61. Rxd2 Nd3+ 62. Kf1 Bd7 63. Bf3 Nb4 64. Nd4+ Ke7 65. h5 b5 66. Ne2
Bc6 67. Nd4 Rf7 68. h6 Rf8 69. Rg2 Kd8 70. Ne6+ Ke7 71. Nxf8 Kxf8 72. Rg7 d4
73. Bxc6 bxc6 74. exd4 Nd3 75. Rxh7 Nxf4 76. Rg7 c3 77. bxc3 b4 1-0

[Event "ICS rated blitz match"]
[Site "204.178.125.65"]
[Date "2000.02.03"]
[Round "?"]
[White "salzi"]
[Black "Hossa"]
[Result "0-1"]
[WhiteElo "2011"]
[BlackElo "2364"]
[PlyCount "46"]

1. d4 Nf6 2. c4 e6 3. Nc3 Bb4 4. Qc2 O-O 5. Nf3 d5 6. cxd5 exd5 7. e3 Bg4 8.
Be2 Re8 9. O-O c6 10. a3 Bd6 11. b4 Nbd7 12. Bb2 Qc7 13. h3 Bh5 14. Rac1 Bg6
15. Bd3 Bxd3 16. Qxd3 Nb6 17. Nd2 a6 18. Qc2 Nc4 19. Na4 Nxd2 20. Qxd2 Ne4 21.
Qe2 Bh2+ 22. Kh1 Bf4 23. Nc5 Bxe3 0-1

[Event "ICS rated standard match"]
[Site "204.178.125.65"]
[Date "2000.02.03"]
[Round "?"]
[White "Hossa"]
[Black "etamkcehc"]
[Result "1-0"]
[WhiteElo "2174"]
[BlackElo "2208"]
[PlyCount "90"]

1. d4 Nf6 2. c4 g6 3. Nc3 Bg7 4. e4 d6 5. f3 O-O 6. Be3 a6 7. Bd3 b6 8. e5 dxe5
9. dxe5 Nfd7 10. f4 Bb7 11. Nf3 Bxf3 12. Qxf3 c6 13. Rd1 e6 14. Be4 Qc7 15. O-O
Bxe5 16. fxe5 Nxe5 17. Qg3 f6 18. Bh6 Rf7 19. Bc2 Nbd7 20. Ne4 a5 21. Qh3 Qd8
22. Qxe6 Qe7 23. Qh3 Qd8 24. b3 Rb8 25. Rd6 f5 26. Ng5 Re7 27. Ne6 Qe8 28. Nc7
Qc8 29. Qh4 Rf7 30. Ne6 Qe8 31. Qf4 Rf6 32. Ng7 Qe7 33. Rxf6 Qxf6 34. Nxf5 gxf5
35. Bxf5 Re8 36. Qg3+ Ng6 37. Bxd7 Qd4+ 38. Qf2 Qxd7 39. Qxb6 Re5 40. c5 Rf5
41. Rxf5 Qxf5 42. h3 Qh5 43. Qb8+ Kf7 44. Qa7+ Ke8 45. Qxh7 Qe5 1-0

[Event "ICS rated blitz match"]
[Site "204.178.125.65"]
[Date "2000.02.03"]
[Round "?"]
[White "cfd"]
[Black "Hossa"]
[Result "0-1"]
[WhiteElo "2125"]
[BlackElo "2368"]
[PlyCount "32"]

1. d4 Nf6 2. Nf3 c5 3. e3 e6 4. Bd3 d5 5. c3 Be7 6. Ne5 O-O 7. Nd2 Qc7 8. f4 b6
9. g4 cxd4 10. exd4 Ba6 11. Bc2 Nc6 12. g5 Nd7 13. Qh5 g6 14. Qh6 Ndxe5 15.
fxe5 Nxd4 16. Bb1 Qxe5+ 0-1

[Event "ICS rated blitz match"]
[Site "204.178.125.65"]
[Date "2000.02.03"]
[Round "?"]
[White "cfd"]
[Black "Hossa"]
[Result "0-1"]
[WhiteElo "2113"]
[BlackElo "2380"]
[PlyCount "71"]

1. d4 Nf6 2. Nf3 c5 3. e3 e6 4. Bd3 d5 5. c3 Be7 6. Ne5 Nbd7 7. f4 c4 8. Bc2
O-O 9. Nd2 Qc7 10. O-O Rd8 11. Qf3 b5 12. g4 Ne8 13. g5 Nxe5 14. dxe5 g6 15.
Qg4 b4 16. Nf3 bxc3 17. bxc3 Rb8 18. Nd4 Bc5 19. Rf3 Qa5 20. Bd2 Bxd4 21. exd4
Rb2 22. f5 exf5 23. Bxf5 gxf5 24. Qh5 Rxd2 25. Rh3 Rxa2 26. Qxh7+ Kf8 27. Rf1
Ra1 28. g6 Rxf1+ 29. Kxf1 Qa1+ 30. Kg2 Qb2+ 31. Kg1 Qc1+ 32. Kg2 Qd2+ 33. Kg1
Qe1+ 34. Kg2 Qe2+ 35. Kg1 Qg4+ 36. Kf2 0-1

[Event "ICS rated blitz match"]
[Site "204.178.125.65"]
[Date "2000.02.03"]
[Round "?"]
[White "Hossa"]
[Black "cfd"]
[Result "1-0"]
[WhiteElo "2386"]
[BlackElo "2107"]
[PlyCount "48"]

1. d4 Nf6 2. c4 g6 3. Nc3 Bg7 4. e4 d6 5. f3 e5 6. dxe5 dxe5 7. Qxd8+ Kxd8 8.
Bd2 c6 9. f4 Nbd7 10. Nf3 Re8 11. fxe5 Nxe5 12. O-O-O Nxf3 13. gxf3 Nd7 14. Bf4
Be5 15. Bxe5 Rxe5 16. f4 Re7 17. Rg1 Kc7 18. Bd3 a5 19. Rd2 Nc5 20. Kc2 Bd7 21.
a3 a4 22. Kb1 Rd8 23. Bc2 b5 24. cxb5 Nb3 1-0

[Event "ICS Rated blitz match"]
[Site "204.178.125.65"]
[Date "2000.02.03"]
[Round "?"]
[White "Hossa"]
[Black "Tupock"]
[Result "1-0"]
[WhiteElo "2391"]
[BlackElo "1864"]
[PlyCount "65"]

1. d4 Nf6 2. c4 g6 3. Nc3 Bg7 4. e4 d6 5. f3 Nc6 6. d5 Ne5 7. f4 Ned7 8. Nf3 a6
9. Be2 Rb8 10. O-O a5 11. e5 e6 12. exf6 Nxf6 13. Qa4+ Bd7 14. Qxa5 O-O 15. Qa7
b6 16. Qa3 exd5 17. cxd5 b5 18. Qb4 Re8 19. Re1 Nh5 20. Ne4 c5 21. dxc6 Qb6+
22. Kf1 Bxc6 23. Bd3 d5 24. Be3 Qc7 25. Nc5 Bf8 26. Ne5 d4 27. Qxd4 Rbd8 28.
Qc3 Nxf4 29. Bxf4 Bxc5 30. Nxg6 Bxg2+ 31. Kxg2 Qc6+ 32. Be4 Bd4 33. Qxc6 1-0

[Event "ICS rated blitz match"]
[Site "204.178.125.65"]
[Date "2000.02.03"]
[Round "?"]
[White "Meganodie"]
[Black "Hossa"]
[Result "0-1"]
[WhiteElo "2065"]
[BlackElo "2392"]
[PlyCount "94"]

1. d4 Nf6 2. c4 e6 3. Nf3 b6 4. g3 Bb7 5. Bg2 Be7 6. O-O O-O 7. Qc2 c5 8. Bg5
cxd4 9. Bxf6 Bxf6 10. Ng5 Bxg5 11. Bxb7 Nc6 12. Bxa8 Qxa8 13. a3 Qd8 14. Nd2
Bxd2 15. Qxd2 e5 16. e3 Qf6 17. b4 Qe6 18. Rac1 Rc8 19. b5 Na5 20. exd4 Nb3 21.
d5 Qh3 22. Qc3 Nxc1 23. Rxc1 d6 24. a4 Rc5 25. a5 Qc8 26. axb6 axb6 27. Kg2 f5
28. Qd3 Kf7 29. h4 g6 30. Rc3 h6 31. h5 gxh5 32. Qe2 Kg7 33. Ra3 Rxc4 34. Ra7+
Kg6 35. Qf3 Qe8 36. Qb3 Rc5 37. Qa4 Qxb5 38. Qh4 Rc1 39. Rg7+ Kxg7 40. Qe7+ Kg8
41. Qe6+ Kf8 42. Qxh6+ Ke8 43. Qxh5+ Kd7 44. Qxf5+ Kc7 45. Qf7+ Qd7 46. Qf3 Qh7
47. g4 Qh1+ 0-1

[Event "ICS Rated blitz match"]
[Site "204.178.125.65"]
[Date "2000.02.03"]
[Round "?"]
[White "Hossa"]
[Black "Meganodie"]
[Result "1/2-1/2"]
[WhiteElo "2396"]
[BlackElo "2061"]
[PlyCount "154"]

1. d4 Nf6 2. c4 e6 3. Nf3 d5 4. g3 Be7 5. cxd5 exd5 6. Bg2 O-O 7. O-O c6 8. Nc3
h6 9. Bf4 Nbd7 10. Rc1 Re8 11. Nb5 Rf8 12. Bc7 Qe8 13. Nd6 Bxd6 14. Bxd6 Qe6
15. Bxf8 Nxf8 16. e3 a5 17. Ne5 Ne8 18. Qh5 Nd6 19. Rc2 Qf5 20. Qxf5 Bxf5 21.
Rc3 f6 22. Nf3 Ne4 23. Rb3 b5 24. Nh4 a4 25. Rb4 Bd7 26. Bxe4 dxe4 27. Rc1 g5
28. Ng2 Ne6 29. h4 Nc7 30. d5 Nxd5 31. Rxe4 Kf7 32. Rd4 Ke6 33. e4 Nb6 34. f4
Rc8 35. Rc5 Be8 36. hxg5 hxg5 37. fxg5 Nd7 38. Nf4+ Ke7 39. gxf6+ Nxf6 40. Kg2
Nd7 41. Rc3 c5 42. Rd2 b4 43. Nd5+ Ke6 44. Nxb4 Bg6 45. Re2 Ne5 46. Nd3 Nxd3
47. Rxd3 c4 48. Rc3 Ke5 49. Kg1 Bh5 50. Re1 Bf7 51. Rf3 Be6 52. a3 Rb8 53. Rf2
Rb3 54. Kg2 c3 55. bxc3 Rxa3 56. Rc1 Rb3 57. Rf8 a3 58. Kf3 a2 59. Ra8 Rb1 60.
Ra5+ Kf6 61. Rc2 a1=Q 62. Rxa1 Rxa1 63. Rd2 Ke5 64. Rd3 Rc1 65. Re3 Bc4 66. Kg2
Rc2+ 67. Kf3 Bf7 68. Kg4 Bg6 69. Kf3 Bh7 70. g4 Bg6 71. g5 Bh7 72. Kg4 Bxe4 73.
g6 Rg2+ 74. Rg3 Rxg3+ 75. Kxg3 Bxg6 76. c4 Kd4 77. Kh2 Kxc4 1/2-1/2

[Event "ICS rated blitz match"]
[Site "204.178.125.65"]
[Date "2000.02.03"]
[Round "?"]
[White "Meganodie"]
[Black "Hossa"]
[Result "0-1"]
[WhiteElo "2073"]
[BlackElo "2384"]
[PlyCount "56"]

1. d4 Nf6 2. c4 e6 3. Nf3 b6 4. g3 Bb7 5. Bg2 Be7 6. O-O O-O 7. Nc3 Ne4 8. Qc2
Nxc3 9. Qxc3 f5 10. b3 c5 11. Bb2 Bf6 12. Qd2 d6 13. Rad1 Be4 14. dxc5 Bxb2 15.
Qxb2 bxc5 16. Rd2 Nc6 17. Rfd1 Qe7 18. e3 Rad8 19. Ne1 Bxg2 20. Nxg2 g6 21. Nf4
Ne5 22. Kf1 Nf3 23. Rd3 Nxh2+ 24. Kg2 Ng4 25. Rh1 Qb7+ 26. Kg1 Ne5 27. Qe2 Nf3+
28. Kf1 Nd4 0-1

[Event "ICS rated blitz match"]
[Site "204.178.125.65"]
[Date "2000.02.03"]
[Round "?"]
[White "Hossa"]
[Black "RussianIvan"]
[Result "1-0"]
[WhiteElo "2360"]
[BlackElo "2019"]
[PlyCount "52"]

1. d4 Nf6 2. c4 c5 3. d5 e6 4. Nc3 exd5 5. cxd5 d6 6. e4 g6 7. f4 Nbd7 8. Nf3
Bg7 9. e5 dxe5 10. fxe5 Ng4 11. e6 Nde5 12. Bb5+ Kf8 13. O-O f5 14. Nxe5 Nxe5
15. Be3 b6 16. Qa4 h6 17. Bf4 a6 18. Be2 Ke7 19. Rae1 Bb7 20. Qb3 Qd6 21. Kh1
Rhf8 22. Rd1 b5 23. Rfe1 g5 24. Bg3 f4 25. Ne4 c4 26. Bxc4 bxc4 1-0

[Event "ICS rated blitz match"]
[Site "204.178.125.65"]
[Date "2000.02.04"]
[Round "?"]
[White "RussianIvan"]
[Black "Hossa"]
[Result "0-1"]
[WhiteElo "2015"]
[BlackElo "2364"]
[PlyCount "54"]

1. e4 Nf6 2. e5 Nd5 3. c4 Nb6 4. c5 Nd5 5. Bc4 e6 6. d4 d6 7. cxd6 cxd6 8. Nf3
Qc7 9. Bb3 Be7 10. O-O O-O 11. Nbd2 dxe5 12. dxe5 Nc6 13. Nc4 b5 14. Ne3 Nxe3
15. Bxe3 Nxe5 16. Bf4 Nxf3+ 17. Qxf3 Qb7 18. Qg3 Bf6 19. Rac1 Bxb2 20. Rc7 Qa6
21. Rb1 Bd4 22. Rbc1 Bb7 23. h4 Rac8 24. h5 Rfd8 25. h6 g6 26. Be5 Bb6 27. Bb2
Rxc7 0-1

[Event "ICS rated standard match"]
[Site "204.178.125.65"]
[Date "2000.02.04"]
[Round "?"]
[White "Tysonbot"]
[Black "Hossa"]
[Result "1-0"]
[WhiteElo "2297"]
[BlackElo "2192"]
[PlyCount "79"]

1. e4 Nf6 2. e5 Nd5 3. c4 Nb6 4. d4 d6 5. f4 dxe5 6. fxe5 e6 7. Nc3 Nc6 8. Nf3
f6 9. exf6 gxf6 10. Bf4 Bd6 11. Be3 Bb4 12. Bd3 Qe7 13. O-O Qg7 14. Qe2 e5 15.
dxe5 Bxc3 16. bxc3 fxe5 17. Ng5 h5 18. Rf7 Qh6 19. Ne4 Bg4 20. Qe1 Qg6 21. Nf6+
Kxf7 22. Bxg6+ Kxf6 23. Be4 Ke6 24. h3 Bf5 25. Bd5+ Kd7 26. Bxc6+ bxc6 27. Bxb6
cxb6 28. Qxe5 Raf8 29. Qg7+ Kc8 30. Rf1 Rfg8 31. Qxa7 Bg6 32. Rf6 Be8 33. Rd6
b5 34. c5 Rxg2+ 35. Kxg2 Rg8+ 36. Kh2 Bf7 37. Qa8+ Kc7 38. Rxc6+ Kd7 39. Qb7+
Ke8 40. Rc8# 1-0

[Event "ICS rated standard match"]
[Site "204.178.125.65"]
[Date "2000.02.04"]
[Round "?"]
[White "Hossa"]
[Black "Johnchess"]
[Result "1-0"]
[WhiteElo "2186"]
[BlackElo "2090"]
[PlyCount "87"]

1. e4 d5 2. d4 dxe4 3. Nc3 Nf6 4. f3 exf3 5. Nxf3 g6 6. Bc4 Bg7 7. Bf4 c6 8.
Ne5 O-O 9. O-O Nd5 10. Qd2 Be6 11. Nxd5 Bxd5 12. Bxd5 cxd5 13. Ng4 Nc6 14. c3
Qb6 15. Qf2 Kh8 16. Rae1 Rae8 17. Ne3 e6 18. Bd6 Ne7 19. Bxe7 Rxe7 20. Nxd5 Qd6
21. Nxe7 Qxe7 22. g3 Qc7 23. a3 Kg8 24. Re3 Bh6 25. Rf3 Bg7 26. d5 exd5 27.
Qxa7 d4 28. cxd4 Qd7 29. Rd1 Rd8 30. Rfd3 Qd5 31. b3 Re8 32. Qc5 Qe4 33. Qc1
Rd8 34. d5 h5 35. Qc7 Re8 36. Qxb7 Bh6 37. h4 Be3+ 38. Kh2 Qf3 39. Qd7 Re4 40.
Qc8+ Kg7 41. Qh3 Rg4 42. Qg2 Rxh4+ 43. gxh4 Qf4+ 44. Qg3 1-0

[Event "ICS rated blitz match"]
[Site "204.178.125.65"]
[Date "2000.02.04"]
[Round "?"]
[White "Hossa"]
[Black "RussianIvan"]
[Result "1-0"]
[WhiteElo "2368"]
[BlackElo "2057"]
[PlyCount "71"]

1. e4 c5 2. c3 d5 3. exd5 Qxd5 4. d4 Nc6 5. Be3 e5 6. c4 Qd8 7. d5 Nd4 8. Nc3
Nf6 9. Bd3 g6 10. Nf3 Qe7 11. Ng5 Bg7 12. O-O O-O 13. Bd2 b6 14. f4 Ng4 15. h3
exf4 16. hxg4 Qxg5 17. Rxf4 Qh4 18. g5 Qg3 19. Qf1 Bf5 20. Bxf5 gxf5 21. Re1
Rae8 22. Qf2 Qxf2+ 23. Kxf2 Rxe1 24. Kxe1 Be5 25. Rf1 Bg3+ 26. Kd1 Re8 27. a4
Kg7 28. Nb5 Nxb5 29. axb5 Kg6 30. Rf3 Be5 31. Re3 f6 32. gxf6 Kxf6 33. Bc3 f4
34. Rxe5 Rxe5 35. d6 Ke6 36. Bxe5 1-0

[Event "ICS rated blitz match"]
[Site "204.178.125.65"]
[Date "2000.02.04"]
[Round "?"]
[White "RussianIvan"]
[Black "Hossa"]
[Result "0-1"]
[WhiteElo "2052"]
[BlackElo "2373"]
[PlyCount "30"]

1. e4 e5 2. Nf3 Qe7 3. b3 Nf6 4. d3 Nc6 5. Bb2 d5 6. exd5 Nxd5 7. Nbd2 Bf5 8.
g3 O-O-O 9. Bg2 f6 10. O-O Qd7 11. Qe2 Bh3 12. Rfe1 Bxg2 13. Kxg2 Bb4 14. a3
Qg4 15. h3 Nf4+ 0-1

[Event "ICS rated blitz match"]
[Site "204.178.125.65"]
[Date "2000.02.04"]
[Round "?"]
[White "Hossa"]
[Black "twolf"]
[Result "1-0"]
[WhiteElo "2377"]
[BlackElo "2017"]
[PlyCount "71"]

1. e4 e5 2. Nf3 Nc6 3. d4 exd4 4. Nxd4 Nxd4 5. Qxd4 d6 6. Bd3 Be6 7. O-O h6 8.
Nc3 Qd7 9. Bb5 c6 10. Bd3 Nf6 11. Rd1 Be7 12. Bc4 Bxc4 13. Qxc4 O-O 14. e5 Ne8
15. g3 Rd8 16. Qa4 b5 17. Qe4 d5 18. Qd4 c5 19. Qxd5 Qh3 20. Qb7 Rxd1+ 21. Nxd1
Bg5 22. Qxb5 f6 23. Qxc5 fxe5 24. Qxa7 Qf5 25. Bxg5 hxg5 26. Qb7 Nf6 27. Ne3
Qh3 28. Rd1 Ng4 29. Nxg4 Qxg4 30. Rd7 Qh3 31. Rxg7+ Kh8 32. Rxg5 Rg8 33. Rxg8+
Kxg8 34. Qd5+ Kf8 35. Qxe5 Qd7 36. Qh8+ 1-0

[Event "ICS rated standard match"]
[Site "204.178.125.65"]
[Date "2000.02.04"]
[Round "?"]
[White "Tysonbot"]
[Black "Hossa"]
[Result "1-0"]
[WhiteElo "2347"]
[BlackElo "2198"]
[PlyCount "111"]

1. e4 e5 2. Nf3 Qe7 3. Bc4 d6 4. O-O Bg4 5. h3 Bh5 6. d3 Nd7 7. Nc3 Nb6 8. Bb3
O-O-O 9. a4 Nd7 10. Be3 Nh6 11. Nd5 Qe8 12. Bxa7 f5 13. exf5 Nxf5 14. g4 Qg6
15. Nh2 Qg5 16. f4 exf4 17. Nxf4 b6 18. Qf3 d5 19. Bxd5 Nc5 20. Be6+ Nxe6 21.
Nxe6 Qe3+ 22. Qxe3 Nxe3 23. Nxd8 Nxf1 24. Rxf1 Bc5+ 25. Kg2 Rxd8 26. gxh5 Kb7
27. Rf7 Re8 28. Ng4 Re7 29. Rxe7 Bxe7 30. Bxb6 cxb6 31. d4 Ka6 32. Kf3 Ka5 33.
b3 Bg5 34. Ke4 Kb4 35. Kd3 Ka3 36. Kc3 Ka2 37. Ne5 Bf4 38. Nd7 Bc7 39. Kb4 Kb2
40. c4 Bd8 41. d5 g5 42. d6 g4 43. hxg4 Bg5 44. Nxb6 h6 45. c5 Bd2+ 46. Kb5
Kxb3 47. c6 Bf4 48. c7 Bxd6 49. c8=Q Bg3 50. Qc1 Bf4 51. Qc4+ Kb2 52. Qxf4 Kc3
53. Nc4 Kd3 54. Qe3+ Kc2 55. Qd2+ Kb3 56. Qb2# 1-0

[Event "ICS rated standard match"]
[Site "204.178.125.65"]
[Date "2000.02.04"]
[Round "?"]
[White "firstbjb"]
[Black "Hossa"]
[Result "0-1"]
[WhiteElo "1952"]
[BlackElo "2191"]
[PlyCount "62"]

1. d4 Nf6 2. e3 g6 3. Bd3 Bg7 4. f4 O-O 5. Nf3 d5 6. Nbd2 Bg4 7. O-O c5 8. c3
cxd4 9. exd4 Nc6 10. Qe1 e6 11. Ne5 Qb6 12. Kh1 Rfc8 13. Qg3 Bf5 14. Bxf5 exf5
15. Ndf3 Ne4 16. Qh4 f6 17. Nd7 Qb5 18. Re1 Nxd4 19. Nxd4 Qxd7 20. Be3 Re8 21.
h3 Re7 22. g4 fxg4 23. hxg4 Rae8 24. f5 Nxc3 25. fxg6 hxg6 26. bxc3 Rxe3 27.
Rxe3 Rxe3 28. Kg2 Re4 29. Kg3 Qc7+ 30. Kg2 Qxc3 31. Rh1 Qxd4 0-1

[Event "ICS rated blitz match"]
[Site "204.178.125.65"]
[Date "2000.02.04"]
[Round "?"]
[White "Symphony"]
[Black "Hossa"]
[Result "0-1"]
[WhiteElo "1990"]
[BlackElo "2381"]
[PlyCount "102"]

1. Nc3 d5 2. e4 e6 3. Qe2 d4 4. Nd1 c5 5. f4 Nc6 6. Nf3 Nf6 7. Nf2 Be7 8. d3
Qa5+ 9. Bd2 Qa4 10. b3 Qa3 11. Qd1 Nb4 12. Be2 Qb2 13. Bxb4 cxb4 14. O-O O-O
15. Qd2 Rd8 16. g4 b6 17. g5 Ne8 18. Ne5 Bb7 19. Nc4 Qc3 20. Qxc3 bxc3 21. a4
Bc5 22. Bf3 Nd6 23. Kg2 Nxc4 24. bxc4 Rf8 25. e5 Rab8 26. a5 f6 27. Bxb7 Rxb7
28. gxf6 gxf6 29. Ne4 Rg7+ 30. Kh1 fxe5 31. fxe5 Rxf1+ 32. Rxf1 Be7 33. axb6
axb6 34. Rb1 Bd8 35. Ra1 Kf8 36. Ra8 Ke7 37. Nd6 h5 38. Rb8 Bc7 39. Rb7 Kd8 40.
Ra7 Rg4 41. Ra8+ Kd7 42. Rh8 Rg5 43. Rh7+ Kc6 44. Nf7 Rf5 45. Kg2 Bxe5 46. Nd8+
Kc5 47. Nxe6+ Kd6 48. Nd8 Bf6 49. Nf7+ Ke6 50. Nd8+ Bxd8 51. Rh6+ Bf6 0-1